Inundated forest in kompong cham province, ព្រៃលិចទឹកក្នុងខេត្តកំពង់ចាម, (Record no. 3553)

000 -LEADER
fixed length control field 00527nam a22001577a 4500
003 - CONTROL NUMBER IDENTIFIER
control field OSt
005 - DATE AND TIME OF LATEST TRANSACTION
control field 20151117160040.0
008 - FIXED-LENGTH DATA ELEMENTS--GENERAL INFORMATION
fixed length control field 151117b xxu||||| |||| 00| 0 eng d
040 ## - CATALOGING SOURCE
Transcribing agency RUA
082 ## - DEWEY DECIMAL CLASSIFICATION NUMBER
Classification number FIS អ៊ិន 1992 B146 Or.1
100 ## - MAIN ENTRY--PERSONAL NAME
9 (RLIN) 3820
Personal name អ៊ិន មុនីរិទ្ធ
245 ## - TITLE STATEMENT
Title Inundated forest in kompong cham province, ព្រៃលិចទឹកក្នុងខេត្តកំពង់ចាម,
260 ## - PUBLICATION, DISTRIBUTION, ETC. (IMPRINT)
Place of publication, distribution, etc. Phnom Penh
Name of publisher, distributor, etc. RUA
Date of publication, distribution, etc. 1992
300 ## - PHYSICAL DESCRIPTION
Extent 89p.
Other physical details ill.
Dimensions 29cm.
942 ## - ADDED ENTRY ELEMENTS (KOHA)
Source of classification or shelving scheme
Koha item type FIS
Holdings
Price effective from Date last seen Permanent Location Not for loan Date acquired Source of classification or shelving scheme Koha item type Lost status Withdrawn status Date last checked out Total Checkouts Shelving location Damaged status Barcode Current Location Full call number
2015-11-172015-11-17Library Block B 2015-11-17 FIS    B146 RUA037616Library Block BFIS អ៊ិន 1992 B146 Or.1
2015-11-172015-11-17Library Block B 2015-11-17 FIS    B146 RUA021086Library Block BFIS អ៊ិន 1992 B146 Or.2
2015-11-172015-11-17Library Block B 2015-11-17 FIS    B146 RUA020439Library Block BFIS អ៊ិន 1992 B146 Or.3
2015-11-172015-11-17Library Block B 2015-11-17 FIS    B146 RUA020511Library Block BFIS អ៊ិន 1992 B146 Or.4
2015-11-172015-11-17Library Block B 2015-11-17 FIS    B146 RUA020583Library Block BFIS អ៊ិន 1992 B146 Or.5
2015-11-172015-11-17Library Block B 2015-11-17 FIS    B146 RUA020923Library Block BFIS អ៊ិន 1992 B146 Or.6
2015-11-172015-11-17Library Block B 2015-11-17 FIS    B146 RUA020924Library Block BFIS អ៊ិន 1992 B146 Or.7
2015-11-172016-10-12Library Block B 2015-11-17 FIS  2016-09-131B146 RUA021068Library Block BFIS អ៊ិន 1992 B146 Or.8
មជ្ឈមណ្ឌលឯការនៃសាកលវិទ្យាល័យភូមិន្ទកសិកម្មចំការដូង

Powered by Koha